| 000 | 00334nam a2200109Ia 4500 | ||
|---|---|---|---|
| 008 | 171211s9999 xx 000 0 und d | ||
| 245 | _aOpenCV Essentials | ||
| 245 | _cGloria Bueno Garcia, Noelia Vallez Enano, and Oscar Deniz Suarez | ||
| 260 | _c2014 | ||
| 650 | _xSOFTWARE | ||
| 856 | _uhttp://down.ebook777.com/063/9781783984244.pdf | ||
| 999 |
_c349316 _d349316 |
||